000 00345nam a22001337a 4500
008 250402b |||||||| |||| 00| 0 eng d
020 _a184376766X
050 _aHD70
_b.A55
100 _aALI J. Abbas
245 _aIslamic Perspective on Management and Organization
260 _aCairo
_bAl-Talre Publisher
_c2006
300 _a260p.
942 _cBK
999 _c2790
_d2790